书目信息 |
| 题名: |
青铜与文字的婚礼
|
|
| 作者: | 曲枫 著 | |
| 分册: | ||
| 出版信息: | 哈尔滨 黑龙江人民出版社 2019.02 |
|
| 页数: | 188页 | |
| 开本: | 24cm | |
| 丛书名: | ||
| 单 册: | ||
| 中图分类: | J120.91 | |
| 科图分类: | ||
| 主题词: | 新石器时代--xin shi qi shi dai--艺术史--研究--中国 | |
| 电子资源: | ||
| ISBN: | 978-7-207-11750-2 | |
| 000 | 01168nam0 2200265 450 | |
| 001 | CAL 0120192935680 | |
| 005 | 20230217093112.0 | |
| 010 | @a978-7-207-11750-2@dCNY69.00 | |
| 100 | @a20200113d2019 em y0chiy0120 ea | |
| 101 | 0 | @achi |
| 102 | @aCN@b230000 | |
| 105 | @aa a 000yy | |
| 106 | @ar | |
| 200 | 1 | @a青铜与文字的婚礼@Aqing tong yu wen zi de hun li@e夏商周神话、艺术与思想@f曲枫著 |
| 210 | @a哈尔滨@c黑龙江人民出版社@d2019.02 | |
| 215 | @a188页@c彩图@d24cm | |
| 314 | @a曲枫, 美国阿拉斯加大学人类学博士, 现为聊城大学北冰洋研究中心主任、教授等职。 | |
| 320 | @a有书目 (第179-186页) | |
| 330 | @a本书为《图像时代的精神寓言 —— 中国新石器时代的神话、艺术与思想》的续集。采用口语化叙述与学术研究相结合的方式, 以考古发现与典籍资料, 同时引用西方考古学与艺术史学前沿理论, 针对文字起源、宗教、牺牲等课题, 对商周至战国时代的艺术、宗教、神话进行了深入的探讨并提出独到看法。 | |
| 517 | 1 | @a夏商周神话、艺术与思想@Axia shang zhou shen hua 、 yi shu yu si xiang |
| 606 | 0 | @a新石器时代@Axin shi qi shi dai@x艺术史@x研究@y中国 |
| 690 | @aJ120.91@v5 | |
| 701 | 0 | @a曲枫@Aqu feng@4著 |
| 801 | 0 | @aCN@bBJXHZP@c20230228 |
| 905 | @b1381674-7@dJ120.91@e188@f4 | |
| 青铜与文字的婚礼:夏商周神话、艺术与思想/曲枫著.-哈尔滨:黑龙江人民出版社,2019.02 |
| 188页:彩图;24cm |
| ISBN 978-7-207-11750-2:CNY69.00 |
| 本书为《图像时代的精神寓言 —— 中国新石器时代的神话、艺术与思想》的续集。采用口语化叙述与学术研究相结合的方式, 以考古发现与典籍资料, 同时引用西方考古学与艺术史学前沿理论, 针对文字起源、宗教、牺牲等课题, 对商周至战国时代的艺术、宗教、神话进行了深入的探讨并提出独到看法。 |
| ● |
| 相关链接 |
|
|
|
|
正题名:青铜与文字的婚礼
索取号:J120.91/188
 
预约/预借
| 序号 | 登录号 | 条形码 | 馆藏地/架位号 | 状态 | 备注 |
| 1 | 1381674 | 213816744 | 第一样本阅览室/ [索取号:J120.91/188] | 在馆 | |
| 2 | 1381675 | 213816753 | 第一借阅区/ [索取号:J120.91/188] | 在馆 | |
| 3 | 1381676 | 213816762 | 第一借阅区/ [索取号:J120.91/188] | 在馆 | |
| 4 | 1381677 | 213816771 | 第一借阅区/ [索取号:J120.91/188] | 在馆 |